000 01097nam a2200229Ia 4500
003 IN-BaIIA
008 211028s9999 xx 000 0 eng d
040 _cIIA Library
080 _a524.47(082.2)
_bTHE
100 _aDe Strobel, G. Cayrel
_916396
111 _aJoint Commission Meeting No. 5 and Commission Meeting 37/3 on the Abundence Spread within Globular Clusters, Spectroscopy of Individual Stars
_n5th
_cBaltimore, USA
_d1988
_916397
245 4 _aThe abundence spread within globular clusters
_bproceedings of the joint commission meeting no. 5 and commission meeting 37/3 on the abundence spread within globular clusters, spectroscopy of individual stars, held in Baltimore, USA, 1988
_cG. De Strobel, M. Cayrel Spite and T. Lloyd Evans
260 _aUSA
_bInternational Astronomical Union
_c1988
300 _avi, 106p.
650 _aAstronomy and astrophysics thesaurus
650 _aGlobular clusters
_911420
650 _aSpectroscopy
_91535
650 _aStars
700 _aEvans, T Lloyd
_916398
700 _aSpite, M
_916399
942 _cBK
999 _c9700
_d9700